A treasury of well loved bedtime lullabies. (Record no. 115099)
[ view plain ]
| 000 -LEADER | |
|---|---|
| fixed length control field | 00533nam a2200157 a 4500 |
| 005 - DATE AND TIME OF LATEST TRANSACTION | |
| control field | 20140414132122.0 |
| 008 - FIXED-LENGTH DATA ELEMENTS--GENERAL INFORMATION | |
| fixed length control field | 121010s19uu xx 00 eng d |
| 050 ## - LIBRARY OF CONGRESS CALL NUMBER | |
| Classification number | M 813.5 |
| Item number | Tr784 1997 |
| 245 ## - TITLE STATEMENT | |
| Title | A treasury of well loved bedtime lullabies. |
| 260 ## - PUBLICATION, DISTRIBUTION, ETC. (IMPRINT) | |
| Place of publication, distribution, etc | London : |
| Name of publisher, distributor, etc | Grandreams Limited, |
| Date of publication, distribution, etc | 1997. |
| 300 ## - PHYSICAL DESCRIPTION | |
| Extent | 93 |
| 500 ## - GENERAL NOTE | |
| General note | Bye, baby bunting. Hush little baby. Twinkle, twinkle, little star. Rock-a-bye baby. |
| 650 ## - SUBJECT ADDED ENTRY--TOPICAL TERM | |
| Topical term or geographic name as entry element | Lullabies-children's stories-compilation. |
| 700 ## - ADDED ENTRY--PERSONAL NAME | |
| Personal name | Pam Storey ( illustrator) |
| Withdrawn status | Lost status | Damaged status | Home library | Current library | Shelving location | Date acquired | Source of acquisition | Total Checkouts | Full call number | Barcode | Date last seen | Price effective from | Koha item type |
|---|---|---|---|---|---|---|---|---|---|---|---|---|---|
| Munich Library | Munich Library | Main Section | 10/10/2012 | M 813.5 Tr784 1997 | M7097 | 04/14/2014 | 04/14/2014 | Books |